Statistics for Guess Megadeth Songs

Click here to take the quiz!

General Stats

  • This quiz has been taken 481 times
  • The average score is 5 of 15

Answer Stats

HintAnswer% Correct
You try to take its pulse, before the head explodesSymphony of destruction
83%
My life passed before my eyes I found out how little I accomplishedA tout le monde
62%
Selective amnesia's the story Believed foretold but who'd suspect The military Intelligence Two words combined that can't make senseHangar 18
57%
Engaged in crime I grasp my throat Enraged my mind starts to smokeAngry Again
39%
She repeats let's be friends I smile and say yes Another truth bendsTrust
38%
I've had too much to drink Said I was out with the boysWake up dead
38%
All are gone, all but one. No contest, nowhere to run. No more left, only one.Countdown to Extinction
36%
Let me introduce myselfDread and the fugitive mind
26%
Great nations built from the bones of the dead With mud and straw, blood and sweatArchitecture of Agression
19%
Thermal count is rising in perpetual writhing The primordial ooze and the sanity they loseDawn Patrol
18%
I like the way that you fool yourself And make believe there's nobody else I like the way that you stand in line And beg salvation from the empty skiesReckoning day
18%
Heads I win, tails you lose out of my way I'm coming through roll the dice don't think twiceCrush Em
16%
No horse ever ran as fast As the money that you bet I'm blowing on my cards And I play them to my chestTrain of consequences
15%
I did no right you did no wrong Nothing left but wasted days1000 times goodbye
10%
Invade the core of souls to wipe the lives away Design vacant beings, welcome the inhuman raceMastermind
4%

Score Distribution

Percentile by Number Answered

Percent of People with Each Score

Your Score History

You have not taken this quiz